Tâm lý học đại cương Giáo trình đào giáo viên Trung học cơ sở hệ Cao đẳng Sư phạm
Cung cấp những tri thức cơ bản, có hệ thống về Tâm lý học đại cương, làm nền tảng cho việc hình thành các kĩ năng học và nghiên cứu tâm lí học, làm cơ sở để nghiên cứu các lĩnh vực khác của tâm lí học, vận dụng các tri thức tâm lý họ...
Na minha lista:
| Autor principal: | |
|---|---|
| Outros Autores: | |
| Formato: | Livro |
| Idioma: | Undetermined |
| Publicado em: |
H.
Giáo dục
1999
|
| Assuntos: | |
| Acesso em linha: | http://lrc.tdmu.edu.vn/opac/search/detail.asp?aID=2&ID=6573 |
| Tags: |
Adicionar Tag
Sem tags, seja o primeiro a adicionar uma tag!
|
| Thư viện lưu trữ: | Trung tâm Học liệu Trường Đại học Thủ Dầu Một |
|---|
| LEADER | 01415nam a2200229Ia 4500 | ||
|---|---|---|---|
| 001 | TDMU_6573 | ||
| 008 | 210410s9999 xx 000 0 und d | ||
| 082 | |a 150 | ||
| 090 | |b TR121 | ||
| 100 | |a Trần, Trọng Thủy | ||
| 245 | 0 | |a Tâm lý học đại cương | |
| 245 | 0 | |b Giáo trình đào giáo viên Trung học cơ sở hệ Cao đẳng Sư phạm | |
| 245 | 0 | |c PGS. Trần Trọng Thủy, PGS. TS. Nguyễn Quang Uẩn | |
| 260 | |a H. | ||
| 260 | |b Giáo dục | ||
| 260 | |c 1999 | ||
| 300 | |a 192tr. | ||
| 520 | |a Cung cấp những tri thức cơ bản, có hệ thống về Tâm lý học đại cương, làm nền tảng cho việc hình thành các kĩ năng học và nghiên cứu tâm lí học, làm cơ sở để nghiên cứu các lĩnh vực khác của tâm lí học, vận dụng các tri thức tâm lý học vào rèn luyện bản thân, vào việc phân tích, giải thích các hiện tượng tâm lý con người theo quan điểm khoa học | ||
| 650 | |a Tâm lý; Tâm lý học; Tâm lý học đại cương; Khoa học tâm lý; Tâm lý học đại cương | ||
| 700 | |a Nguyễn, Quang Uẩn | ||
| 856 | |u http://lrc.tdmu.edu.vn/opac/search/detail.asp?aID=2&ID=6573 | ||
| 980 | |a Trung tâm Học liệu Trường Đại học Thủ Dầu Một | ||